Telephoning in English

Gardado en:
Detalles Bibliográficos
Formato: Libro
Publicado: 2009
Các nhãn: Engadir etiqueta
Sen Etiquetas, Sexa o primeiro en etiquetar este rexistro!
Thư viện lưu trữ: Mạng thư viện Đại học Đà Nẵng
LEADER 00448nam a22001811a 4500
001 000038508
003 14803
005 20160412021321.0
008 160412s2009 000
082 |a 4A(07)2643-44 
245 |a Telephoning in English  |c B. Jean Naterop, Rod Revell 
260 |c 2009 
OWN |a LNN 
999 |a From the UDN01 
TYP |a Monograph 
980 |a Mạng thư viện Đại học Đà Nẵng